000
00329 a2200145 4500
001
177759
020
_a
040
_c
Magnum
100
_a
Hewavisenti, Lakshmi
240
1
0
_a
Matematica divertida: medidas
_l
por
245
1
0
_a
Matematica divertida: medidas
362
0
_a
1899
697
_a
MAGNITO: PARADIDATICO
942
_c
BK
999
_c
177759
_d
177759